000 00483nam a2200157 a 4500
005 20140412111321.0
008 010404s19uu xx 00 eng d
020 _a0-7214-1650-0
050 _aER
_bSt6 1994
100 _aStimson, Joan
245 _aStorytime for 6 years olds /
_cby Joan Stimson ; illustrated by John and Caroline Astrop.
260 _aLeicestershire, UK :
_bLadybird Books Ltd,
_c1994.
300 _a43p. ; ill.
650 _aChildren's stories
999 _c104380
_d104380